Geography Quiz

Random Geography or Asia Quiz

Multiple Choice Flags of Asia Minefield Quiz Stats

 Plays Quiz not verified by Sporcle

Score 0/49 Timer 07:00
0 Plays Today
Question Answer Wrong Answers
India ???
38.7%
???
0%
???
0%
???
0%
Russia ???
38.3%
???
0.1%
???
0%
???
0%
South Korea ???
38%
???
0%
???
0.3%
???
0%
Nepal ???
37.9%
???
0%
???
0%
???
0.1%
Turkey ???
37.8%
???
0%
???
0%
???
0%
Japan ???
37.8%
???
0%
???
0.1%
???
0%
Israel ???
37.6%
???
0%
???
0%
???
0%
China ???
37.5%
???
0%
???
0.3%
???
0%
Saudi Arabia ???
37.3%
???
0%
???
0.2%
???
0.1%
Lebanon ???
37%
???
0.1%
???
0.1%
???
0%
Vietnam ???
36.9%
???
0.1%
???
0.5%
???
0.3%
North Korea ???
36.4%
???
0.8%
???
0.2%
???
0%
Georgia ???
36.3%
???
0.2%
???
0.2%
???
0%
Pakistan ???
36.2%
???
0.2%
???
0.1%
???
0.3%
Cambodia ???
36%
???
0.8%
???
0.2%
???
0.1%
Malaysia ???
35.6%
???
0.9%
???
0.5%
???
0.3%
Sri Lanka ???
35.5%
???
0.1%
???
0.1%
???
0.1%
Bangladesh ???
35.4%
???
0.3%
???
0.3%
???
1%
Taiwan ???
35.4%
???
0.3%
???
0.5%
???
0.4%
Thailand ???
35.3%
???
0.2%
???
0.8%
???
0.6%
Kazakhstan ???
35.1%
???
0.6%
???
1.2%
???
0.3%
Philippines ???
34.9%
???
0.1%
???
0.1%
???
1.1%
Bhutan ???
34.6%
???
0.7%
???
0.1%
???
0.5%
Mongolia ???
34.6%
???
0.2%
???
0.1%
???
0.4%
Turkmenistan ???
34.5%
???
1%
???
0.1%
???
0.1%
Azerbaijan ???
34.4%
???
1.5%
???
0.2%
???
0.2%
Iran ???
34.3%
???
1.7%
???
0.1%
???
0%
Singapore ???
34.1%
???
0.1%
???
1.7%
???
0.1%
United Arab Emirates ???
34%
???
1.2%
???
0.1%
???
0.2%
Armenia ???
33.6%
???
0.2%
???
1.4%
???
0.2%
Syria ???
33.5%
???
0.9%
???
0.6%
???
0.1%
Afghanistan ???
33.3%
???
0.5%
???
0.4%
???
0.6%
Kyrgyzstan ???
33.1%
???
1.7%
???
0.1%
???
0.1%
Iraq ???
33%
???
0%
???
0.1%
???
2.4%
Laos ???
33%
???
0%
???
0.8%
???
0.6%
Jordan ???
32.8%
???
0.2%
???
0.2%
???
2%
Maldives ???
32.6%
???
0.5%
???
1.4%
???
0.4%
Uzbekistan ???
32.4%
???
1.5%
???
0.3%
???
0.5%
Myanmar ???
32.4%
???
0%
???
1.6%
???
1%
Brunei ???
32.2%
???
0%
???
2.6%
???
0.3%
Timor-Leste ???
32%
???
0.3%
???
0.2%
???
0.9%
Oman ???
32%
???
0.6%
???
0.3%
???
0.8%
Indonesia ???
31.9%
???
0.2%
???
2.3%
???
1%
Qatar ???
31.8%
???
0.1%
???
3.4%
???
0.1%
Yemen ???
31.7%
???
0.4%
???
3.3%
???
0.1%
Kuwait ???
30.7%
???
1.2%
???
1.2%
???
1.6%
Bahrain ???
30%
???
0.4%
???
4%
???
0.5%
Palestine ???
28.4%
???
0.8%
???
4.5%
???
0.3%
Tajikistan ???
28.1%
???
1.5%
???
3.7%
???
0.1%

You're not logged in!

Compare scores with friends on all Sporcle quizzes.
OR
Log In

Show Comments

Extras

Top Quizzes Today


Score Distribution

Your Account Isn't Verified!

In order to create a playlist on Sporcle, you need to verify the email address you used during registration. Go to your Sporcle Settings to finish the process.

Report this User

Report this user for behavior that violates our Community Guidelines.

Details: